000 02014cam a2200541 i 4500
005 20230903085616.0
008 190603s2019 njua 001 0 eng d
010 _a 2019942817
015 _aGBB9B5982
_2bnb
016 7 _a019453080
_2Uk
020 _a9781119606109
020 _z9781119606123
_q(ePub ebook)
020 _z9781119606086
_q(PDF ebook)
035 _a(OCoLC)on1089266576
040 _aYDX
_beng
_erda
_cYDX
_dBDX
_dJTD
_dUKMGB
_dSVP
_dOCLCF
_dZPP
_dOCLCQ
_dCLE
_dOCL
_dOCLCQ
_dMDK
_dOCLCO
_dJQF
_dOCLCA
_dOCL
_dDLC
042 _alccopycat
050 0 0 _aGV1469.35.F67
_bL64 2019
082 0 4 _a793
_bLOG-F
100 1 _aLoguidice, Bill,
245 1 0 _aFortnite /
_cby Bill Loguidice.
246 3 _aFortnite for dummies
260 _aUSA;
_bWiley,
_c2019.
264 1 _aHoboken, New Jersey :
_bJohn Wiley & Sons,
_c[2019]
300 _aviii, 229 pages :
_bcolor illustrations ;
_c22 cm.
336 _atext
_btxt
_2rdacontent
337 _aunmediated
_bn
_2rdamedia
338 _avolume
_bnc
_2rdacarrier
490 1 _aFor dummies
500 _aIncludes index.
650 0 _aFortnite Battle Royale (Game)
650 0 _aWar video games.
650 0 _aVideo games.
650 2 _aVideo Games
650 6 _aFortnite Battle Royale (Jeu)
650 6 _aJeux de guerre sur ordinateur.
650 6 _aJeux vidéo.
650 7 _avideo games.
_2aat
650 7 _aGAMES & ACTIVITIES / Video & Mobile.
_2bisacsh
650 7 _aJUVENILE NONFICTION / Games & Activities / Video & Electronic Games.
_2bisacsh
650 7 _aFortnite Battle Royale (Game)
_2fast
_0(OCoLC)fst02003471
650 7 _aWar video games.
_2fast
_0(OCoLC)fst00872697
650 7 _aVideo games.
_2fast
_0(OCoLC)fst01166421
776 0 8 _iEbook version :
_z9781119606123
906 _a7
_bcbc
_ccopycat
_d2
_encip
_f20
_gy-gencatlg
999 _c33391
_d33391